Abkürzungen in der Feuerwehr 2 (DE) - Statistiken

Allgemein
  • Dieses Quiz wurde 142 mal gespielt
  • Das Durchschnittsergebnis liegt bei 8 aus 15
Antwortstatistiken
Abkürzung Antwort % Korrekt
BF Berufsfeuerwehr
96%
JF Jugendfeuerwehr
83%
KdoW / Kdw Kommandowagen
73%
GTLF Großtanklöschfahrzeug
72%
HLF Hilfeleistungslöschgruppenfahrzeug
70%
GF Gruppenführer
68%
LF Löschgruppenfahrzeug
67%
KEF Kleineinsatzfahrzeug
60%
KBM Kreisbrandmeister
57%
FTZ Feuerwehrtechnische Zentrale
36%
LFV Landesfeuerwehrverband
36%
ILS Integrierte Leitstelle
35%
GBM Gemeindebrandmeister
32%
LHF Lösch- und Hilfeleistungsfahrzeug
20%
KFB Kreisfeuerwehrbereitschaft
16%
Keine übereinstimmenden Quizze gefunden
Verteilung der Resultate
Anzahl Personen mit jedem Resultat
Perzentil nach korrekt beantworteten Fragen
Ihre Resultats-Entwicklung
Sie haben dieses Quiz noch nicht gespielt